000 00565nam a2200157Ia 4500
008 210716s2014 xx 000 0 und d
020 _a9789339218355
041 _aeng
082 _a374.22 CRAS
100 _aCrainer, Stuart;Dearlove, Des.
245 _aFuture thinkers: new thinking on leadership strategy and innovation for the twenty first century.
_bNew thinking on leadership strategy and innovation for the twenty first century.
250 _a1
260 _aNew Delhi
_bMc Graw Hill Book Company
_c2014
300 _ax,208
650 _aGeneral Management
999 _c209370
_d209370